Manushyaputhranaya Yesu(മനുഷ്യപുത്രനായ യേശു) (Record no. 116154)
[ view plain ]
| 000 -LEADER | |
|---|---|
| fixed length control field | 00279 a2200097 4500 |
| 020 ## - INTERNATIONAL STANDARD BOOK NUMBER | |
| International Standard Book Number | 9789348705785 |
| 100 ## - MAIN ENTRY--PERSONAL NAME | |
| Personal name | Kahlil Gibran |
| 245 ## - TITLE STATEMENT | |
| Title | Manushyaputhranaya Yesu(മനുഷ്യപുത്രനായ യേശു) |
| 260 ## - PUBLICATION, DISTRIBUTION, ETC. (IMPRINT) | |
| Name of publisher, distributor, etc | Indulekha Media Network |
| Date of publication, distribution, etc | 2025 |
| 942 ## - ADDED ENTRY ELEMENTS (KOHA) | |
| Koha item type | On order/under processing |
| Withdrawn status | Lost status | Damaged status | Not for loan | Home library | Current library | Date acquired | Source of acquisition | Cost, normal purchase price | Total Checkouts | Barcode | Date last seen | Cost, replacement price | Price effective from | Koha item type |
|---|---|---|---|---|---|---|---|---|---|---|---|---|---|---|
| University Library | University Library | 19/03/2026 | 269 | 173.34 | 00098229 | 19/03/2026 | 260.00 | 19/03/2026 | On order/under processing |
